000 00709nam a2200241 i 4500
001 18994
003 ES-MaACL
005 20230906151954.0
007 t|
008 020510s2001 sp ||||1| spa d
020 _a84-08-04126-6
080 _a821.134.2-31"19"
100 1 _aSomoza, José Carlos.
_9107286
245 1 0 _aClara y la penumbra /
_cJosé Carlos Somoza.
250 _a1ª ed.
260 _aBarcelona :
_bPlaneta,
_c2001.
300 _a540 p. ;
_c22 cm.
490 1 _aAutores españoles e iberoamericanos
500 _aPremio de Novela Fernando Lara 2001.
830 0 _aAutores españoles e iberoamericanos
_9119106
852 _aES-MaACL
_jL-25473
_bR.130804
999 _c18994
_d18994